| Tag |
First Indicator |
Second Indicator |
Subfields |
| LEADER |
00000cam a2200000 i 4500 |
| 001 |
in00005465921 |
| 008 |
210709t20232023enkab bc 001 0 eng d |
| 005 |
20250318222145.5 |
| 020 |
|
|
|a 9781913645168
|
| 020 |
|
|
|a 1913645169
|q hardcover
|
| 035 |
|
|
|a (OCoLC)on1259508518
|
| 035 |
|
|
|a (OCoLC)1259508518
|
| 040 |
|
|
|a YDX
|b eng
|e rda
|c YDX
|d BDX
|d ERASA
|d UKMGB
|d OCLCO
|d OCLCF
|d OCLCO
|d OCLCL
|d ZVP
|d OCLCO
|d OCLCL
|d YDX
|d NMW
|d AVA
|d OCLCO
|d AVA
|
| 043 |
|
|
|a e-uk-en
|a e-it---
|
| 050 |
|
4 |
|a NK4315
|b .S265 2023
|
| 082 |
0 |
4 |
|a 738.37209031
|2 23
|
| 110 |
2 |
|
|a Courtauld Institute Galleries,
|e owner,
|e issuing body.
|
| 245 |
1 |
0 |
|a Italian maiolica and other early modern ceramics in the Courtauld Gallery /
|c Elisa Paola Sani.
|
| 264 |
|
1 |
|a London :
|b The Courtauld :
|b Paul Holberton Publishing,
|c 2023.
|
| 264 |
|
4 |
|c ©2023
|
| 300 |
|
|
|a 335 pages :
|b illustrations (chiefly color), color map ;
|c 30 cm
|
| 336 |
|
|
|a text
|b txt
|2 rdacontent
|
| 336 |
|
|
|a still image
|b sti
|2 rdacontent
|
| 337 |
|
|
|a unmediated
|b n
|2 rdamedia
|
| 338 |
|
|
|a volume
|b nc
|2 rdacarrier
|
| 504 |
|
|
|a Includes bibliographical references (pages 317-330) and indexes.
|
| 505 |
2 |
0 |
|t Between art and artefact : Italian Renaissance Maiolica /
|r J.V.G. Mallet --
|t A Victorian perspective on Italian Maiolica : the collection of Thomas Gambier Parry (1816-1888) /
|r Elisa Paola Sani and Alexandra Gerstein --
|t Catalogue.
|t Italian Maiolica ;
|t Incised slipware and lead-glazed earthenware ;
|t Tin glaze from outside Italy ;
|t Ottoman pottery (fritware).
|
| 520 |
|
|
|a "This is the first catalogue of the collection of early modern ceramics in the Courtauld. The pieces in the collection showcase brilliantly the skill of potters and pottery painters working at the time of Raphael and Titian. Maiolica is one of the most revealing expressions of Renaissance art. Its extraordinary range of colours retain the vividness that they had when they left the potter's kiln. Italian potters absorbed techniques and shapes from the Islamic world and incorporated ornament and subject matter from the arts of ancient Rome. This new approach to pottery making, combined with the invention of printing, woodcut and engraving, resulted in an extraordinary type of painted pottery, praised by Vasari in his Lives of the Artists for 'surpassing the ancient with its brilliance of glaze and variety of painting'. The collection boasts a magnificent group of vessels made during the high Renaissance, the golden age of Italian maiolica. It includes precious and delicate Deruta lustreware with imagery deriving from Perugino and Raphael, as well as vessels painted in a narrative style of pottery painting known as istoriato. Highlights include vessels depicting episodes taken from the first printed Bibles of the Renaissance. Istoriato maiolica flourished particularly in the lands of the Dukes of Urbino, who promoted this craft by sending painted pottery to prestigious patrons across Europe." --
|c Provided by publisher
|
| 610 |
2 |
0 |
|a Courtauld Institute Galleries
|v Catalogs.
|
| 610 |
2 |
7 |
|a Courtauld Institute Galleries
|2 fast
|
| 650 |
|
0 |
|a Majolica, Italian
|z England
|z London
|v Catalogs.
|
| 650 |
|
0 |
|a Majolica, Renaissance
|z Italy
|v Catalogs.
|
| 650 |
|
6 |
|a Majolique italienne
|v Catalogues.
|
| 650 |
|
6 |
|a Majolique de la Renaissance
|z Italie
|v Catalogues.
|
| 650 |
|
6 |
|a Majolique italienne
|z Angleterre
|z Londres
|v Catalogues.
|
| 650 |
|
7 |
|a Majolica, Italian
|2 fast
|
| 650 |
|
7 |
|a Majolica, Renaissance
|2 fast
|
| 651 |
|
7 |
|a Italy
|2 fast
|1 https://id.oclc.org/worldcat/entity/E39PBJvd8mVMcRhwVmbtcqCPcP
|
| 655 |
|
7 |
|a Catalogs
|2 fast
|
| 700 |
1 |
|
|a Sani, Elisa Paola,
|e author.
|1 https://id.oclc.org/worldcat/entity/E39PCjHx8hBxBw7VkyQwv76X8d
|
| 758 |
|
|
|i has work:
|a ITALIAN MAIOLICA AND OTHER EARLY MODERN CERAMICS IN THE COURTAULD GALLERY (Text)
|1 https://id.oclc.org/worldcat/entity/E39PD3F6cvJdK7xC8VWhbM3GYd
|4 https://id.oclc.org/worldcat/ontology/hasWork
|
| 852 |
8 |
|
|b pda,print
|z This title is available for the library to purchase for your use. Click the "Purchase It For Me" button to place a request. This item may take 5-10 business days to arrive.
|
| 955 |
|
|
|a Print PDA title
|
| 961 |
|
|
|m 565730
|
| 999 |
f |
f |
|s 071d0dba-16a2-4c38-ad4d-43bbf34c0b6f
|i b297e5c2-a40a-4f68-aae6-1ca76ef72f0f
|t 0
|
| 952 |
f |
f |
|a Texas A&M University
|b College Station
|c Sterling C. Evans Library
|d Purchase on Demand
|t 0
|e NK4315 .S265 2023
|h Library of Congress classification
|
| 998 |
f |
f |
|a NK4315 .S265 2023
|t 0
|l Purchase on Demand
|